| 000 | 00492nam a2200169Ia 4500 | ||
|---|---|---|---|
| 003 | OSt | ||
| 005 | 20200622143414.0 | ||
| 008 | 190216s9999||||xx |||||||||||||| ||und|| | ||
| 040 | _coclc | ||
| 082 |
_a954.025 _bSRI/M |
||
| 100 |
_aSrivastava, A L _93014 |
||
| 245 | 4 |
_aThe Mughal Empire (1526-1803 AD) / _cA L Srivastava |
|
| 250 | _a1st Rev Ed. | ||
| 260 |
_bShiva Lal Agarwala, _c1952. _aAgra: |
||
| 300 | _a581p | ||
| 942 |
_cBK _2ddc _h954.025 _iSRI/M _k954.025 _mSRI/M |
||
| 999 |
_c20634 _d20634 |
||